000 01132nam a22003257a 4500
001 BR0101728
003 BR-BrBNA
005 20230928100811.0
007 ta
008 230509b bl.||||| |||| 00| 0 por d
040 _aBR-BrBNA
_bpor
_cBiblioteca Nacional de Agricultura
041 _a(Por)
072 _aH10; F30
_b1850
_b4020
090 _ 1850 BR0101728
100 1 _aBrunherotto, R.
110 1 _aEscola Superior de Agricultura Luiz de Queiroz, Piracicaba, SP (Brasil)
_0Tese (Mestre em Ciencias)
245 1 _aBioatividade de extratos aquosos de Melia azedarach L. e Azadirachta indica A. Juss (Meliaceae)sobre Tuta absoluta (Meyrick, 1917)(Lep., Gelechiidae)criadas em diferentes genotipos de tomateiro
260 3 _aPiracicaba, SP (Brasil):
_c2000.
300 _a76 p.
500 _aSummaries (Eng, Por); Bibliography p. 58-76; 5 illus.; 20 tables
650 _aTomate
650 _aTraca
650 _aInseticida de Origem Vegetal
650 _aCinamomo
650 _aGenotipo
650 _aVariacao Genetica
650 _aVariedade Resistente
909 _a202309
_bLucia
_c55
_dLucia Elande
942 _cBK
999 _c62862
_d62862